000 00785nam a2200241 i 4500
001 C2-0334900
003 PPAK
005 20180728134557.0
008 151206s2001 my a|||| ||||| | eng d
020 _a9839672983
040 _aPPAK
_beng
_cPPAK
_erda
082 0 4 _a303.480952
_223
090 0 0 _a303.480952
_bKUN
_dG
100 1 _aKunio, Yoshihara,
_eauthor
245 1 0 _aGlobalization and national identity :
_bthe Japanese alternative to the American model
264 1 _aPetaling Jaya, Selangor :
_bFalcon Press ,
_c2001
300 _a155 pages :
_billustrations ;
_c22 cm
336 _2rdacontent
_atext
337 _2rdamedia
_aunmediated
338 _2rdacarrier
_avolume
650 1 0 _aSocial change - Japan. ; International economic relations - Japan.
942 _ddc
_cB
999 _c133300
_d133300